LEADER 00556nam a2200169 i 4500 001 000000237234 003 CaOOAMICUS 005 20141219000000.0 008 141219s1873 xx u000 u fre u 013 $a216139 040 $aSeMil$bita 245 10$aTome 2. 300 $a591 p. 773 0 $tOeuvres de Monseigneur De la Bouillerie évêque de Carcassonne.$dParis : Louis Vivès, 1872.$g2$w()31168 850 $aSeMil 852 $aSeMil$W1$xVenegono$y1$m3C IV 59 FA$j187580$B187580$CSeMilBibl$Z2$F198494 $8I 996 $6245$aTome 2$9(OLS)http://semarc/title/1533 LEADER 01192nam a2200265 i 4500 001 000000181545 003 CaOOAMICUS 005 20090911000000.0 008 090911s1973 it u000 u ita u 013 $a159416 040 $aSeMil$bita 100 1 $aMatagrin, Gabriel Marie Joseph .$0(OLS)http://semarc/name/20770 245 10$aPolitica chiesa e fede :$bdocumenti dell'Assemblea Plenaria dell'Episcopato Francese : 23-30 ottobre 1972 /$cGabriel Matagrin. 260 $aRoma :$bCoines,$c1973. 300 $a153 p. ;$c21 cm. 490 0 $aNuova politica 500 $aIn preliminari : Firma autografa. 650 4$aChiesa e politica.$0(OLS)http://semarc/subject/93 650 4$aCristianesimo e politica.$0(OLS)http://semarc/subject/5911 830 0$aNuova politica.$0(OLS)http://semarc/title/29206 850 $aSeMil 852 $aSeMil$W1$xVenegono$y1$m3N IV 534$j132265$B132265$CSeMilBibl$Z2$F144468 $81 961 $aRecupero: Altro 996 $6245$aPolitica chiesa e fede :$bdocumenti dell'Assemblea Plenaria dell'Episcopato Francese : 23-30 ottobre 1972$9(OLS)http://semarc/title/260588 996 $6260$aRoma :$bCoines$9(OLS)http://semarc/publisher/31506